Labour law and politics in the Weimar Republic / (Record no. 238)

MARC details
000 -LEADER
fixed length control field 01251cam a2200361 a 4500
001 - CONTROL NUMBER
control field 80446
003 - CONTROL NUMBER IDENTIFIER
control field OSt
005 - DATE AND TIME OF LATEST TRANSACTION
control field 20110722144121.0
008 - FIXED-LENGTH DATA ELEMENTS--GENERAL INFORMATION
fixed length control field 820611s1981 enk b 001 0 eng d
020 ## - INTERNATIONAL STANDARD BOOK NUMBER
International Standard Book Number 0631128255
035 ## - SYSTEM CONTROL NUMBER
System control number (OCoLC)8409135
035 ## - SYSTEM CONTROL NUMBER
System control number (OCoLC)ocm08409135
035 ## - SYSTEM CONTROL NUMBER
System control number (CStRLIN)NYCG82-B23335
035 ## - SYSTEM CONTROL NUMBER
System control number (NNC)80446
040 ## - CATALOGING SOURCE
Modifying agency NNC
043 ## - GEOGRAPHIC AREA CODE
Geographic area code e-gx---
082 ## - DEWEY DECIMAL CLASSIFICATION NUMBER
Classification number 344.01 KAH
090 ## - LOCALLY ASSIGNED LC-TYPE CALL NUMBER (OCLC); LOCAL CALL NUMBER (OCLC)
Classification number (OCLC) (R) ; Classification number, CALL (RLIN) (NR) HD8450
Local cutter number (OCLC) ; Book number/undivided call number, CALL (RLIN) .K34
100 1# - MAIN ENTRY--PERSONAL NAME
Personal name Kahn-Freund, Otto,
Titles and other words associated with a name Sir,
Dates associated with a name 1900-
9 (RLIN) 701
245 10 - TITLE STATEMENT
Title Labour law and politics in the Weimar Republic /
Statement of responsibility, etc Otto Kahn-Freund ; edited, with an introd. and appendices by Roy Lewis, Jon Clark ; translated by Jon Clark.
260 ## - PUBLICATION, DISTRIBUTION, ETC. (IMPRINT)
Place of publication, distribution, etc Oxford :
Name of publisher, distributor, etc B. Blackwell,
Date of publication, distribution, etc 1981.
300 ## - PHYSICAL DESCRIPTION
Extent 260 p. ;
Dimensions 23 cm.
490 1# - SERIES STATEMENT
Series statement Warwick studies in industrial relations
500 ## - GENERAL NOTE
General note Includes index.
504 ## - BIBLIOGRAPHY, ETC. NOTE
Bibliography, etc Bibliography: p. 246-251.
650 #0 - SUBJECT ADDED ENTRY--TOPICAL TERM
Topical term or geographic name as entry element Industrial relations
Geographic subdivision Germany
General subdivision History
Chronological subdivision 1918-1933.
9 (RLIN) 702
700 1# - ADDED ENTRY--PERSONAL NAME
Personal name Lewis, Roy.
9 (RLIN) 703
700 1# - ADDED ENTRY--PERSONAL NAME
Personal name Clark, Jon.
9 (RLIN) 704
830 #0 - SERIES ADDED ENTRY--UNIFORM TITLE
Uniform title Warwick studies in industrial relations.
9 (RLIN) 705
942 ## - ADDED ENTRY ELEMENTS (KOHA)
Source of classification or shelving scheme Dewey Decimal Classification
Koha item type Books
Holdings
Withdrawn status Lost status Source of classification or shelving scheme Damaged status Not for loan Home library Current library Shelving location Date acquired Total Checkouts Full call number Barcode Date last seen Price effective from Koha item type
    Dewey Decimal Classification     Law Development Centre Main Library Law Development Centre Main Library Text Books and Laws 04/11/2011   344.01 KAH 2011/2726 04/11/2011 04/11/2011 Books